| 000 | 00546 a2200205 4500 | ||
|---|---|---|---|
| 005 | 20260212113951.0 | ||
| 008 | 260211b |||||||| |||| 00| 0 eng d | ||
| 020 |
_a9788126940776 _cRs. 1295.00 |
||
| 040 | _aMAIN | ||
| 082 |
_a320.540594 _bS41N |
||
| 100 | _aRanabir, Samaddar | ||
| 110 | _aSamaddar, Ranabir | ||
| 245 | _aNation form: Essays on Indian nationalism | ||
| 260 |
_bAtlantic _c2024 _aNew Delhi |
||
| 300 | _axxiii, 259 | ||
| 650 | _aPolitical Science | ||
| 650 | _aNationalism | ||
| 650 | _aIndia Nationalism | ||
| 942 | _cBK | ||
| 999 |
_c395032 _d395032 |
||